| 000 | 00808nam a22002057a 4500 | ||
|---|---|---|---|
| 999 |
_c19177 _d19177 |
||
| 003 | AR-CdUCM | ||
| 008 | 190516b ||||| |||| 00| 0 spa d | ||
| 040 |
_aMUNICIPALIDAD PROVINCIAL DEL CUSCO _cBIBLIOTECA MUNICIPAL DEL CUSCO |
||
| 082 |
_a985.613 / _bR24 |
||
| 100 |
_aRamos Carpio, Carlos _940368 |
||
| 245 | _aPaucartambo testimonio de su patrimonio natural y cultural / | ||
| 260 |
_aCusco : _c1996. |
||
| 300 |
_a108 páginas ; _bilustraciones, _c22 cm. |
||
| 505 | _aContenido: Datos principales -- El pueblo y arte -- Fuentes de atracción turística -- Vestigios y construcciones históricas -- Tradiciones folkloricas -- Fiestas de la Virgen del Carmen ... | ||
| 650 |
_aFolklore _91081 |
||
| 650 |
_aHistoria _9136 |
||
| 650 |
_aCusco _9772 |
||
| 942 |
_2ddc _cLIBROS |
||
| 945 |
_aachl _d2019-05-16 |
||